000 00934nam a2200265Ia 4500
003 OSt
005 20221005111011.0
006 a|||||r|||| 00| 0
007 ta
008 221004b |||||||| |||| 00| 0 hin d
020 _a9788171193073 (hbk)
_c195
024 _a17721
037 _bSP/3818, 25/03/2015, Star Publications Pvt. Ltd.
_cTextual
040 _aCRL
_cCRL
_bhin
041 _2hin
_ahin
082 _aO152,3N505w,1, Q4
100 _aवाल्मीकि, ओमप्रकाश
245 0 _aजूठन
246 _aJūṭhana
260 _aनई दिल्ली
_bराधाकृष्ण भारत
_c2014
300 _a159पृ0
_ccm.
650 _aहिन्दी साहित्य
942 _hO152,3N505w,1, Q4
_cTEXL
_2cc
999 _c1020530
_d1020530